000
00273nam a2200109 4500
082
0
_a
222.11
242
0
0
_b
The story of Jacob and Esau
245
1
1
_a
Ọ'dọ̃ yãkóbõ pi drí esawu trõ
260
_b
Madi Literacy Committee
_c
c.1998
300
_a
19 p.
942
_2
ddc
_c
BK
999
_c
64522
_d
64496